00739nam a22002057a 450000500170000001000150001702000260003203500130005803700130007108200160008410000210010024501180012124600530023926000500029227000660034230000230040865000500043165000270048170000250050820140911130030.0 aENG-110823 a9788189630874c850.00 aEN-94355 bDBAD/PUB a338.6420954 aSahoo, Laxmidhar aDeveloping SMEs in India :cby Laxmidhar Sahoo [and] Ashok Kumar Mohantybstudy of SIDBI in the post reform era / aDeveloping small and medium enterprises in India aNew DelhibGlobal Research Publicationsc2014 a4800/24, 1st floor, Ansari Road, DaryaganjbNew Delhie110002 axi,232p.c22cm(Hb) aBhāratīya Laghu Udyoga Vikāsa Baiṅka. aSmall businesszIndia. aMohanty, Ashok Kumar